New protection for homeless (Record no. 71716)
[ view plain ]
| 000 -LEADER | |
|---|---|
| fixed length control field | 00928cam a2200205 4500 |
| 001 - CONTROL NUMBER | |
| control field | WB3845-16 |
| 008 - FIXED-LENGTH DATA ELEMENTS--GENERAL INFORMATION | |
| fixed length control field | 021205n2002 000 0 eng u |
| 035 ## - SYSTEM CONTROL NUMBER | |
| System control number | (Sirsi) u120684 |
| 245 ## - TITLE STATEMENT | |
| Title | New protection for homeless |
| 260 ## - PUBLICATION, DISTRIBUTION, ETC. | |
| Date of publication, distribution, etc. | 2002 |
| 490 ## - SERIES STATEMENT | |
| Series statement | ODPM News Release |
| Volume/sequential designation | 3 December 2002, (3) |
| 520 ## - SUMMARY, ETC. | |
| Summary, etc. | Government has announced new measures to provide more support and protection for homeless families with children. Measures include plans to outlaw the use of bed and breakfast hotels for homeless families except in emergencies, and funding of over £350 000 to improve the quality of temporary accommodation and to help families resettle in permanent housing. www.odpm.gov.uk/news/0212/0140.htm |
| 590 ## - LOCAL NOTE (RLIN) | |
| Local note | WB |
| 650 ## - SUBJECT ADDED ENTRY--TOPICAL TERM | |
| Topical term or geographic name entry element | HOMELESS FAMILIES |
| 650 ## - SUBJECT ADDED ENTRY--TOPICAL TERM | |
| Topical term or geographic name entry element | SOCIAL HOUSING |
| 650 ## - SUBJECT ADDED ENTRY--TOPICAL TERM | |
| Topical term or geographic name entry element | TEMPORARY ACCOMMODATION |
| 650 ## - SUBJECT ADDED ENTRY--TOPICAL TERM | |
| Topical term or geographic name entry element | BED AND BREAKFAST ACCOMMODATION |
| 690 ## - LOCAL SUBJECT ADDED ENTRY--TOPICAL TERM (OCLC, RLIN) | |
| Topical term or geographic name as entry element | Affordable housing |
| 9 (RLIN) | 6215 |
| 942 ## - ADDED ENTRY ELEMENTS (KOHA) | |
| Suppress in OPAC | 0 |
| Withdrawn status | Lost status | Source of classification or shelving scheme | Damaged status | Not for loan | Home library | Current library | Shelving location | Date acquired | Total Checkouts | Full call number | Barcode | Date last seen | Copy number | Price effective from | Koha item type |
|---|---|---|---|---|---|---|---|---|---|---|---|---|---|---|---|
| Dewey Decimal Classification | London | London | News article | 05/12/2002 | WB3845-16 | 120684-1001 | 06/08/2019 | 1 | 06/08/2019 | News article |